|
|
|
|
| LEADER |
00962nam a2200241 a 4500 |
| 001 |
3698043 |
| 008 |
091221s1979 nyua b 001 0 eng d |
| 010 |
|
|
|a 79001020
|
| 020 |
|
|
|a 0070313806
|
| 040 |
|
|
|a DLC
|c DLC
|d DLC
|d BD-DhAAL
|
| 082 |
0 |
0 |
|a 374/.012
|2 18
|
| 100 |
1 |
|
|a Hunter, Carman St. John.
|
| 245 |
1 |
0 |
|a Adult illiteracy in the United States :
|b a report to the Ford Foundation /
|c by Carman St. John Hunter, with David Harman.
|
| 260 |
|
|
|a New York :
|b McGraw-Hill,
|c c1979.
|
| 300 |
|
|
|a xii, 206 p. :
|b ill. ;
|c 24 cm.
|
| 504 |
|
|
|a Includes Bibliography (p. [143]-197) and index.
|
| 541 |
1 |
|
|e 00000941
|
| 650 |
|
0 |
|a Literacy
|z United States.
|
| 700 |
1 |
|
|a Harman, David,
|d 1944-
|e joint author.
|
| 710 |
2 |
|
|a Ford Foundation.
|
| 852 |
4 |
|
|a Ayesha Abed Library
|j General shelf
|
| 999 |
|
|
|c 6294
|d 6294
|
| 952 |
|
|
|0 0
|1 0
|2 ddc
|4 0
|6 374_012000000000000_HUN_1979
|7 0
|9 6332
|a BRACUL
|b BRACUL
|c GEN
|d 2009-12-21
|g 1035.00
|l 0
|o 374.012 HUN
|p 3010000941
|r 2009-12-21
|t 1
|w 2009-12-21
|y BK
|